[Event "13. Lichtenberger Sommer"]
[Site "?"]
[Date "2014.08.16"]
[Round "1.1"]
[White "Stern, Rene"]
[Black "Brüning, Wolfgang"]
[Result "1-0"]
[WhiteElo "2542"]
[BlackElo "1893"]
[PlyCount "75"]
[EventDate "2014.??.??"]
[WhiteTeam "SK König Tegel 1949 e.V."]
[BlackTeam "Queer-Springer SSV Berlin"]

1. d4 f5 2. Nc3 Nf6 3. Bg5 e6 4. e4 fxe4 5. Nxe4 Be7 6. Bxf6 Bxf6 7. Nf3 d6 8.
Bd3 Nc6 9. c3 Bd7 10. Qc2 Qe7 11. O-O-O O-O-O 12. Rhe1 h6 13. Ng3 Qf8 14. Kb1
e5 15. d5 Ne7 16. c4 Bg4 17. Be4 Kb8 18. Rd3 h5 19. h3 Bd7 20. Ra3 g5 21. Nd2
Bg7 22. Rf3 Qe8 23. Nf5 Nxf5 24. Bxf5 g4 25. hxg4 hxg4 26. Rg3 Rh4 27. Bxd7
Qxd7 28. Ne4 Qf5 29. Rd3 Rdh8 30. Rdd1 Rh2 31. g3 Qf3 32. Qe2 Rf8 33. Qxf3 gxf3
34. Rh1 Rfh8 35. Rxh2 Rxh2 36. Kc2 Bh6 37. Rd3 Rh1 38. Rxf3 1-0

[Event "13. Lichtenberger Sommer"]
[Site "?"]
[Date "2014.08.16"]
[Round "1.2"]
[White "Alcer, Fabian"]
[Black "Braun, Arik"]
[Result "0-1"]
[WhiteElo "1760"]
[BlackElo "2544"]
[PlyCount "58"]
[EventDate "2014.??.??"]
[WhiteTeam "SV Empor Berlin e.V."]
[BlackTeam "SC Eppingen"]

1. e4 c6 2. d4 d5 3. Nd2 dxe4 4. Nxe4 Bf5 5. Ng3 Bg6 6. Nh3 e6 7. Nf4 Bd6 8. h4
Qc7 9. Nxg6 hxg6 10. Ne4 Nf6 11. Nxd6+ Qxd6 12. c3 Nbd7 13. Qb3 O-O-O 14. g3
Rde8 15. Be2 e5 16. Be3 Nd5 17. Kd2 exd4 18. cxd4 N7f6 19. Bc4 Nxe3 20. fxe3
Ne4+ 21. Kc2 Qxg3 22. Rae1 Rxh4 23. Rxh4 Qxh4 24. Re2 Qg4 25. Bd3 Qe6 26. Bxe4
Qxe4+ 27. Kd2 Qd5 28. Qa3 a6 29. Rf2 f5 0-1

[Event "13. Lichtenberger Sommer"]
[Site "?"]
[Date "2014.08.16"]
[Round "1.3"]
[White "Kurayan, Ruslan"]
[Black "Getzuhn, Detlef"]
[Result "1-0"]
[WhiteElo "2398"]
[BlackElo "1896"]
[PlyCount "63"]
[EventDate "2014.??.??"]
[WhiteTeam "Gouverment Chersonsk"]
[BlackTeam "SV Senat"]

1. e4 e6 2. d3 d5 3. Nd2 c5 4. Ngf3 Nc6 5. g3 Nf6 6. Bg2 Be7 7. O-O O-O 8. Re1
Bd7 9. e5 Ne8 10. Nf1 f6 11. exf6 Bxf6 12. Ne3 a6 13. Ng4 Ra7 14. Nfe5 Nxe5 15.
Nxe5 Bxe5 16. Rxe5 b6 17. Bg5 Qc8 18. Qe2 h6 19. Bf4 Rf6 20. Re1 Nc7 21. Bh3
Rb7 22. Rh5 Rg6 23. c4 Ra7 24. Be5 Rb7 25. f4 Ra7 26. Bxc7 Rxc7 27. Re5 Rc6 28.
Bg2 Rd6 29. cxd5 exd5 30. Bxd5+ Kf8 31. Rf5+ Bxf5 32. Qe7# 1-0

[Event "13. Lichtenberger Sommer"]
[Site "?"]
[Date "2014.08.16"]
[Round "1.4"]
[White "Schröter, Maik"]
[Black "Meister, Jakob"]
[Result "1/2-1/2"]
[WhiteElo "1854"]
[BlackElo "2466"]
[PlyCount "117"]
[EventDate "2014.??.??"]
[WhiteTeam "SG Blau-Weiß Stadtilm"]
[BlackTeam "SK Zehlendorf e.V."]

1. e4 c5 2. Nf3 e6 3. Nc3 a6 4. a4 Nf6 5. d4 cxd4 6. Nxd4 Bb4 7. Bd3 e5 8. Nf3
d5 9. Nd2 Bxc3 10. bxc3 O-O 11. O-O Bg4 12. Qe1 Re8 13. c4 d4 14. h3 Be6 15.
Nb3 Nbd7 16. a5 Rc8 17. Ra4 Nh5 18. g4 Nf4 19. Bxf4 exf4 20. Nxd4 Nc5 21. Nxe6
Rxe6 22. Ra3 Rh6 23. Kg2 f3+ 24. Kxf3 Rxh3+ 25. Ke2 Nxe4 26. Rh1 Rxh1 27. Qxh1
Ng5 28. Kf1 Rc6 29. Qd5 Qe7 30. Rb3 g6 31. f4 Ne6 32. f5 Nc5 33. Rb1 Kg7 34.
Re1 Qd6 35. Qe5+ Qxe5 36. Rxe5 Kf6 37. Rd5 h6 38. Ke2 g5 39. Ke3 Ke7 40. Re5+
Kd8 41. Kd4 Nd7 42. Rd5 Kc7 43. Be2 Nf6 44. Rc5 Rxc5 45. Kxc5 Nd7+ 46. Kd5 b6
47. axb6+ Nxb6+ 48. Ke5 a5 49. c5 Nd7+ 50. Kd5 f6 51. Kc4 Ne5+ 52. Kb5 Nc6 53.
c3 Ne7 54. Kxa5 Nd5 55. Bf3 Nf4 56. Kb5 Nd3 57. Be2 Nf4 58. Bf3 Nd3 59. Be2
1/2-1/2

[Event "13. Lichtenberger Sommer"]
[Site "?"]
[Date "2014.08.16"]
[Round "1.5"]
[White "Moreno Tejera, Emilio"]
[Black "Windolf, Mario"]
[Result "1-0"]
[WhiteElo "2435"]
[BlackElo "1772"]
[PlyCount "97"]
[EventDate "2014.??.??"]
[WhiteTeam "Sfrd. Berlin 1903 e.V."]
[BlackTeam "1. Schachclub Anhalt"]

1. e4 d6 2. Nc3 g6 3. f4 Bg7 4. Nf3 c5 5. Bb5+ Bd7 6. Bc4 Nc6 7. O-O a6 8. a4
e6 9. d3 Nge7 10. Kh1 Qc7 11. Qe1 O-O-O 12. Bd2 Kb8 13. a5 Nb4 14. Bb3 Nec6 15.
Na2 Nxa2 16. Rxa2 Nd4 17. Nxd4 Bxd4 18. Qe2 Bg7 19. Be1 Rhe8 20. Bh4 Rc8 21. e5
d5 22. c3 Bb5 23. Bc2 h6 24. Raa1 Ka8 25. Rfe1 Bf8 26. c4 Bc6 27. Qe3 Be7 28.
Bxe7 Qxe7 29. cxd5 Bxd5 30. Ba4 Red8 31. Rec1 Rc7 32. Kg1 f6 33. Rc3 fxe5 34.
fxe5 g5 35. Rac1 Rdc8 36. Bd1 c4 37. dxc4 Rxc4 38. Rxc4 Rxc4 39. Rxc4 Bxc4 40.
Bf3 Bd5 41. Bxd5 exd5 42. e6 d4 43. Qe5 d3 44. Kf2 Ka7 45. Ke3 b6 46. Qd5 Kb8
47. axb6 d2 48. Ke2 Qf6 49. Qd6+ 1-0

[Event "13. Lichtenberger Sommer"]
[Site "?"]
[Date "2014.08.16"]
[Round "1.6"]
[White "Schleicher, Janek"]
[Black "Schild, Christoph"]
[Result "0-1"]
[WhiteElo "2031"]
[BlackElo "2390"]
[PlyCount "136"]
[EventDate "2014.??.??"]
[WhiteTeam "SV Blau-Weiß Bürgel"]
[BlackTeam "SK Freiburg Zähringen 1887 e.V."]

1. d4 e6 2. c4 Nf6 3. Nc3 Bb4 4. Nf3 b6 5. Bg5 Bb7 6. e3 h6 7. Bxf6 Qxf6 8. Be2
Bxc3+ 9. bxc3 Nc6 10. O-O O-O 11. Qc2 d6 12. Nd2 Na5 13. Nb3 Qg5 14. e4 Qg6 15.
f3 Nc6 16. a4 e5 17. a5 Qg5 18. Qc1 Qe7 19. c5 dxc5 20. dxc5 Nxa5 21. Nxa5
Qxc5+ 22. Kh1 bxa5 23. Qa3 Qxa3 24. Rxa3 f6 25. Rxa5 Rfd8 26. Rfa1 Rd2 27. Bc4+
Kf8 28. Kg1 Ke7 29. Rxa7 Rxa7 30. Rxa7 Rb2 31. Ra2 Rb1+ 32. Kf2 Rc1 33. Ra3
Rc2+ 34. Be2 Rb2 35. Ke3 Kd6 36. h4 g6 37. g3 f5 38. Ba6 Bc6 39. Bd3 fxe4 40.
Bxe4 Bxe4 41. Kxe4 Re2+ 42. Kd3 Rg2 43. Ra6+ c6 44. g4 Rh2 45. Ra8 Rxh4 46. Rg8
g5 47. Ke4 Rh3 48. Rg6+ Kc5 49. Rf6 h5 50. gxh5 Rxh5 51. Kxe5 g4+ 52. Ke4 gxf3
53. Kxf3 Re5 54. Kf2 Kb5 55. Rf8 Kc4 56. Rc8 c5 57. Kf3 Kxc3 58. Kf4 Rh5 59.
Ke3 c4 60. Ke2 Rd5 61. Rh8 Kc2 62. Rc8 Re5+ 63. Kf3 c3 64. Kf4 Re1 65. Kf3 Kb2
66. Rb8+ Kc1 67. Kf2 Re5 68. Rc8 c2 0-1

[Event "13. Lichtenberger Sommer"]
[Site "?"]
[Date "2014.08.16"]
[Round "1.7"]
[White "Stets, Dmitry"]
[Black "Küchler, Felix"]
[Result "1-0"]
[WhiteElo "2419"]
[BlackElo "1735"]
[PlyCount "61"]
[EventDate "2014.??.??"]
[WhiteTeam "Schachfreunde Gerresheim 86 e.V."]
[BlackTeam "Schachunion Berlin e.V."]

1. e4 c5 2. Nf3 Nc6 3. Nc3 g6 4. d4 cxd4 5. Nxd4 Bg7 6. Be3 Nf6 7. Bc4 O-O 8.
Bb3 d6 9. f3 a6 10. Qd2 Qc7 11. O-O-O Nxd4 12. Bxd4 b5 13. Bxf6 exf6 14. Qxd6
Qa7 15. Kb1 f5 16. e5 Qf2 17. Rd2 Qe3 18. Re2 Qg5 19. h4 Qd8 20. Nd5 Re8 21.
Qxd8 Rxd8 22. Nf6+ Bxf6 23. exf6 Bb7 24. Rhe1 Kf8 25. Bxf7 Bxf3 26. gxf3 Kxf7
27. Re7+ Kg8 28. h5 Rf8 29. Rg7+ Kh8 30. Ree7 Rxf6 31. h6 1-0

[Event "13. Lichtenberger Sommer"]
[Site "?"]
[Date "2014.08.16"]
[Round "1.8"]
[White "Geldner, Gerrit"]
[Black "Kalinitschew, Sergey"]
[Result "0-1"]
[WhiteElo "1713"]
[BlackElo "2409"]
[PlyCount "108"]
[EventDate "2014.??.??"]
[WhiteTeam "Schachunion Berlin e.V."]
[BlackTeam "SC Kreuzberg e.V."]

1. c4 g6 2. Nc3 Bg7 3. Nf3 c5 4. g3 Nc6 5. Bg2 d6 6. O-O Bd7 7. d3 Bxc3 8. bxc3
Qc8 9. Bd2 Bh3 10. Qb3 b6 11. Qa4 Bxg2 12. Kxg2 Nf6 13. d4 O-O 14. Be3 Na5 15.
Rac1 Ng4 16. Nd2 e5 17. d5 f5 18. h3 Nf6 19. Bg5 Qe8 20. Qxe8 Nxe8 21. Bh6 Rf7
22. Rce1 Nf6 23. f3 Kh8 24. e4 Ng8 25. Be3 f4 26. Bf2 fxg3 27. Bxg3 g5 28. h4
gxh4 29. Bxh4 Raf8 30. Bg3 Ne7 31. Rf2 Ng6 32. Rh1 Rg7 33. Kf1 a6 34. a4 Rb7
35. Ke2 b5 36. axb5 axb5 37. cxb5 Rxb5 38. Kd3 Rb2 39. Rc1 Rxd2+ 40. Kxd2 Nb3+
41. Kc2 Nxc1 42. Kxc1 Kg7 43. Kd2 h5 44. Ke3 h4 45. Bh2 Nf4 46. Bxf4 exf4+ 47.
Kd3 h3 48. Rh2 Rh8 49. Ke2 Kf6 50. Kf2 Kg5 51. Kf1 Kh4 52. Rf2 Ra8 53. Rh2 Kg3
54. Rf2 Ra1+ 0-1

[Event "13. Lichtenberger Sommer"]
[Site "?"]
[Date "2014.08.16"]
[Round "1.9"]
[White "Von Herman, Ulf"]
[Black "Bergmann, Jens"]
[Result "1-0"]
[WhiteElo "2379"]
[BlackElo "1896"]
[PlyCount "25"]
[EventDate "2014.??.??"]
[WhiteTeam "SK König Tegel 1949 e.V."]
[BlackTeam "SK Tempelhof 1931 e.V."]

1. d4 b6 2. e4 Bb7 3. Nc3 e6 4. Bd3 Bb4 5. Nge2 Ne7 6. O-O Bxc3 7. Nxc3 O-O 8.
Qh5 Nbc6 9. e5 Ng6 10. Bg5 Qe8 11. Ne4 h6 12. Nf6+ gxf6 13. exf6 1-0

[Event "13. Lichtenberger Sommer"]
[Site "?"]
[Date "2014.08.16"]
[Round "1.10"]
[White "Hirstel, Serge"]
[Black "Muse, Drazen"]
[Result "0-1"]
[WhiteElo "1910"]
[BlackElo "2396"]
[PlyCount "108"]
[EventDate "2014.??.??"]
[WhiteTeam "Hipsheim"]
[BlackTeam "SK König Tegel 1949 e.V."]

1. e4 Nc6 2. d4 d5 3. e5 Bf5 4. c3 Qd7 5. Nf3 e6 6. Bd3 Nge7 7. O-O Bxd3 8.
Qxd3 Nf5 9. b3 h5 10. Ba3 Bxa3 11. Nxa3 g5 12. Nc2 g4 13. Nd2 O-O-O 14. a4 Nce7
15. Qb5 c6 16. Qa5 Kb8 17. b4 Rc8 18. Nb3 Qc7 19. Qxc7+ Kxc7 20. a5 Ng6 21.
Rae1 Rcg8 22. Ne3 Nge7 23. Nc5 Rh7 24. Nxf5 Nxf5 25. Re2 Nh4 26. Rb2 a6 27. Nd3
Rg5 28. Nf4 Nf5 29. Ne2 Rg8 30. Ng3 Ne7 31. Ne2 h4 32. f3 gxf3 33. Rxf3 Nf5 34.
Nf4 Rg5 35. Nh3 Rg4 36. Nf2 Rg8 37. Nh3 Rhg7 38. Kh1 Kd8 39. Nf4 Rg5 40. Nh3
Rg4 41. Nf4 Rh8 42. Nh3 Re4 43. Rb1 Rg8 44. Nf4 Rg4 45. Nd3 Re2 46. Rg1 Rc2 47.
Nc5 Kc8 48. g3 hxg3 49. hxg3 Rg7 50. Rg2 Rc1+ 51. Rg1 Rh7+ 52. Kg2 Rc2+ 53. Kf1
Rhh2 54. Nb3 Rb2 0-1

[Event "13. Lichtenberger Sommer"]
[Site "?"]
[Date "2014.08.16"]
[Round "1.11"]
[White "Brüdigam, Martin"]
[Black "Ritter, Uwe"]
[Result "1-0"]
[WhiteElo "2342"]
[BlackElo "1945"]
[PlyCount "33"]
[EventDate "2014.??.??"]
[WhiteTeam "SK König Tegel 1949 e.V."]
[BlackTeam "Reideburger SV 90 Halle"]

1. e4 e6 2. d4 d5 3. Nd2 dxe4 4. Nxe4 Bd7 5. Nf3 Bc6 6. Ng3 Bd6 7. Bd3 Nd7 8.
O-O Ngf6 9. Re1 Bxf3 10. Qxf3 c6 11. Nf5 Bf8 12. Bf4 Qb6 13. c4 O-O-O 14. c5
Qb4 15. Nd6+ Bxd6 16. Bxd6 Qxd4 17. Qxc6+ 1-0

[Event "13. Lichtenberger Sommer"]
[Site "?"]
[Date "2014.08.16"]
[Round "1.12"]
[White "Schmalzried, Volker"]
[Black "Glantz, Robert"]
[Result "0-1"]
[WhiteElo "1875"]
[BlackElo "2308"]
[PlyCount "54"]
[EventDate "2014.??.??"]
[BlackTeam "SC Kreuzberg e.V."]

1. c4 Nf6 2. Nc3 d6 3. g3 g6 4. Bg2 Bg7 5. Nf3 O-O 6. O-O e5 7. d4 Nbd7 8. d5
a5 9. e4 Nc5 10. Re1 Bd7 11. Rb1 c6 12. b4 axb4 13. Rxb4 Qa5 14. a3 Rfc8 15.
dxc6 Bxc6 16. Nd5 Nxd5 17. exd5 Ba4 18. Qe2 e4 19. Ng5 Nd3 20. Nxe4 Nxe1 21.
Nxd6 Nxg2 22. Kxg2 Rc7 23. Bf4 Bf8 24. Nxb7 Rxb7 25. Rxb7 Be8 26. Qd3 Bxa3 27.
d6 Bc6+ 0-1

[Event "13. Lichtenberger Sommer"]
[Site "?"]
[Date "2014.08.16"]
[Round "1.13"]
[White "Fuchs, Heinz"]
[Black "Guasti, Duccio"]
[Result "1-0"]
[WhiteElo "2353"]
[BlackElo "1754"]
[PlyCount "71"]
[EventDate "2014.??.??"]
[WhiteTeam "SC Untergrombach 46"]
[BlackTeam "BSC Rehberge 1945 e.V."]

1. c4 d5 2. cxd5 Nf6 3. Nc3 Nxd5 4. Nf3 Nc6 5. g3 Nf6 6. Bg2 g6 7. O-O Bg7 8.
d4 O-O 9. h3 e6 10. e4 b6 11. Be3 Bb7 12. Qc2 Nb4 13. Qb1 Qe7 14. Rd1 Rfd8 15.
a3 Na6 16. b4 c5 17. b5 Nc7 18. Qc2 cxd4 19. Nxd4 e5 20. Nc6 Bxc6 21. bxc6
Rxd1+ 22. Nxd1 Rd8 23. Qa4 Ne6 24. Rc1 Nc5 25. Bxc5 bxc5 26. Nc3 Bh6 27. Rb1
Rc8 28. Rb7 Rc7 29. Qxa7 Ne8 30. Nd5 Qd6 31. Rxc7 Nxc7 32. Qxc7 Qe6 33. Qd8+
Kg7 34. c7 Bg5 35. Qxg5 Qd7 36. Qd8 1-0

[Event "13. Lichtenberger Sommer"]
[Site "?"]
[Date "2014.08.16"]
[Round "1.14"]
[White "Grassi, Fabrizio"]
[Black "Heinig, Wolfram"]
[Result "0-1"]
[WhiteElo "1893"]
[BlackElo "2299"]
[PlyCount "74"]
[EventDate "2014.??.??"]
[WhiteTeam "SV Berlin-Friedrichstadt"]
[BlackTeam "SK Zehlendorf e.V."]

1. d4 Nf6 2. Bf4 g6 3. e3 Bg7 4. Nf3 d6 5. Be2 Nbd7 6. h3 O-O 7. O-O b6 8. a4
a6 9. Bh2 Bb7 10. c3 Ne4 11. Nbd2 Ndf6 12. Nxe4 Nxe4 13. Re1 c5 14. Qd3 Rc8 15.
Rec1 Qd7 16. Qd1 Ra8 17. Qb3 Qc7 18. Bf4 h6 19. Bc4 Kh7 20. Bd5 Rac8 21. Bxb7
Qxb7 22. Qd1 Kg8 23. Nd2 e5 24. Nxe4 Qxe4 25. dxe5 dxe5 26. Bg3 Rfd8 27. Qe2 c4
28. Rd1 Rd3 29. Rd2 Rcd8 30. Rad1 f5 31. f3 Qd5 32. Rxd3 cxd3 33. Qd2 e4 34.
fxe4 fxe4 35. Bc7 Rf8 36. Bxb6 Be5 37. Rf1 Bh2+ 0-1

[Event "13. Lichtenberger Sommer"]
[Site "?"]
[Date "2014.08.16"]
[Round "1.15"]
[White "Vatter, Hans-Joachim"]
[Black "Wimmer, Thomas"]
[Result "1-0"]
[WhiteElo "2278"]
[BlackElo "1881"]
[PlyCount "55"]
[EventDate "2014.??.??"]
[WhiteTeam "SC Untergrombach 46"]
[BlackTeam "SK Marburg 1931/72"]

1. e4 c5 2. Nf3 d6 3. d4 cxd4 4. Qxd4 Nc6 5. Bb5 Bd7 6. Bxc6 Bxc6 7. Nc3 Nf6 8.
Bg5 h6 9. Bxf6 gxf6 10. O-O-O Rg8 11. Rhg1 Rc8 12. Qxa7 Qc7 13. Nd4 Rg5 14.
Nxc6 Qxc6 15. Rd5 e6 16. Rxg5 fxg5 17. Qd4 b5 18. Rd1 Ke7 19. f3 Bg7 20. Qxg7
b4 21. Rd3 bxc3 22. Qxc3 Qa6 23. Qa3 Qc4 24. Qxd6+ Ke8 25. Rc3 Qf1+ 26. Qd1
Qxd1+ 27. Kxd1 Rxc3 28. bxc3 1-0

[Event "13. Lichtenberger Sommer"]
[Site "?"]
[Date "2014.08.16"]
[Round "1.16"]
[White "Müller, Johannes"]
[Black "Petersen, Soren Boeck"]
[Result "0-1"]
[WhiteElo "1845"]
[BlackElo "2256"]
[PlyCount "64"]
[EventDate "2014.??.??"]
[WhiteTeam "SC Eintracht Berlin e.V."]
[BlackTeam "Damhus Skakklub"]

1. e4 e6 2. d4 d5 3. e5 c5 4. c3 Nc6 5. Nf3 Bd7 6. a3 c4 7. h4 f6 8. g4 fxe5 9.
dxe5 Bc5 10. Bh3 Qb6 11. O-O O-O-O 12. Qe2 Rf8 13. Re1 h5 14. g5 Nge7 15. Nbd2
Ng6 16. b4 Nf4 17. Qf1 Bxf2+ 18. Kh2 Bxe1 19. Qxe1 Nd3 20. Qe2 Ncxe5 21. Bg2
Ng4+ 22. Kh1 Ndf2+ 23. Kg1 Nh3+ 24. Kh1 Ngf2+ 25. Kh2 Nf4 26. Qf1 Ng4+ 27. Kh1
Ne3 28. Nxc4 Nxc4 29. Nd4 Nxg2 30. Qxg2 e5 31. Qxd5 exd4 32. Qxc4+ Qc6+ 0-1

[Event "13. Lichtenberger Sommer"]
[Site "?"]
[Date "2014.08.16"]
[Round "1.17"]
[White "Rietze, Clemens"]
[Black "Roth, Joachim"]
[Result "1-0"]
[WhiteElo "2274"]
[BlackElo "1930"]
[PlyCount "63"]
[EventDate "2014.??.??"]
[WhiteTeam "USV Potsdam e.V., Abt. Schach"]
[BlackTeam "SG Bund"]

1. d4 d5 2. c4 e6 3. Nc3 c5 4. cxd5 exd5 5. Nf3 Nc6 6. g3 Be6 7. Bg2 Nf6 8. O-O
Be7 9. Be3 c4 10. Ne5 O-O 11. Nxc4 dxc4 12. d5 Nxd5 13. Nxd5 Qa5 14. Bd2 Qc5
15. Be3 Qa5 16. Bd2 Qc5 17. e4 Rac8 18. Qh5 f5 19. Bc3 b5 20. Nf4 Bd7 21. Rfd1
Be8 22. Qh3 Bf7 23. exf5 b4 24. f6 bxc3 25. fxe7 Qxe7 26. bxc3 Ne5 27. Re1 Qf6
28. Be4 Bg6 29. Bd5+ Bf7 30. Bxf7+ Nxf7 31. Nd5 Qg5 32. Ne7+ 1-0

[Event "13. Lichtenberger Sommer"]
[Site "?"]
[Date "2014.08.16"]
[Round "1.18"]
[White "Westphal, Julian"]
[Black "Siebarth, Raiko"]
[Result "0-1"]
[WhiteElo "1734"]
[BlackElo "2252"]
[PlyCount "46"]
[EventDate "2014.??.??"]
[WhiteTeam "TSG Oberschöneweide e.V."]
[BlackTeam "SG Blau-Weiß Stadtilm"]

1. d4 Nf6 2. c4 g6 3. Nc3 Bg7 4. e4 d6 5. Nge2 O-O 6. Ng3 c6 7. Be2 Nbd7 8. h4
a6 9. h5 b5 10. hxg6 fxg6 11. Bh6 Rf7 12. Bxg7 Rxg7 13. Qb3 Kf8 14. f4 e5 15.
fxe5 dxe5 16. O-O-O exd4 17. Rxd4 Qc7 18. Qa3+ b4 19. Qxb4+ c5 20. Qa3 Qxg3 21.
Rd3 Qxg2 22. Rf1 Rf7 23. e5 Qg5+ 0-1

[Event "13. Lichtenberger Sommer"]
[Site "?"]
[Date "2014.08.16"]
[Round "1.19"]
[White "Tonndorf, Matthias"]
[Black "Huebner, Alan-Ari"]
[Result "1-0"]
[WhiteElo "2263"]
[BlackElo "1785"]
[PlyCount "75"]
[EventDate "2014.??.??"]
[WhiteTeam "SV Caissa Wolfenbüttel"]
[BlackTeam "vereinslos"]

1. e4 c5 2. Nf3 d6 3. d4 cxd4 4. Nxd4 Nf6 5. Nc3 a6 6. f4 e6 7. Qf3 Be7 8. Be3
Qc7 9. g4 O-O 10. g5 Nfd7 11. O-O-O Nc6 12. h4 b5 13. Bd3 Nc5 14. Kb1 Bd7 15.
f5 Nxd3 16. cxd3 Ne5 17. Qg3 exf5 18. Nd5 Qd8 19. Nxf5 Bxf5 20. exf5 f6 21. Nf4
Qd7 22. Ne6 Rf7 23. d4 Nc4 24. d5 Ne5 25. g6 hxg6 26. fxg6 Rff8 27. Nxf8 Kxf8
28. h5 Ke8 29. Bd4 Bf8 30. Bxe5 dxe5 31. Ka1 Rc8 32. Rhg1 Rc7 33. d6 Rb7 34.
Qb3 a5 35. Qg8 Qh3 36. h6 Qxh6 37. d7+ Rxd7 38. Qe6+ 1-0

[Event "13. Lichtenberger Sommer"]
[Site "?"]
[Date "2014.08.16"]
[Round "1.20"]
[White "Schindler, Rudolf"]
[Black "Lerch, Philipp"]
[Result "0-1"]
[WhiteElo "1846"]
[BlackElo "2241"]
[PlyCount "110"]
[EventDate "2014.??.??"]
[WhiteTeam "SG Lasker Steglitz-Wilmersdorf"]
[BlackTeam "SK König Tegel 1949 e.V."]

1. Nf3 Nf6 2. c4 g6 3. b4 Bg7 4. Bb2 d6 5. g3 b6 6. Bg2 Bb7 7. O-O O-O 8. d3 c5
9. a3 Nbd7 10. Nc3 Rc8 11. Ra2 d5 12. Nxd5 Nxd5 13. Bxg7 Kxg7 14. cxd5 Bxd5 15.
Qa1+ Kg8 16. Rc2 e6 17. Rfc1 Bb3 18. Rc3 Bd5 19. R3c2 Ra8 20. h4 a5 21. b5 Bb3
22. Rc3 Bd5 23. a4 Qf6 24. Nd2 Rad8 25. Nc4 Bxc4 26. Rxc4 Qxa1 27. Rxa1 f5 28.
d4 cxd4 29. Rxd4 Nc5 30. Rad1 Rxd4 31. Rxd4 Kf7 32. Kf1 e5 33. Bd5+ Ke7 34. Rc4
Rd8 35. e4 fxe4 36. Bxe4 Rd4 37. Rxd4 exd4 38. Bc2 d3 39. Bd1 Kd6 40. f3 Ke5
41. Ke1 Kd4 42. Kd2 Nd7 43. f4 Nc5 44. Bf3 Nxa4 45. h5 gxh5 46. f5 Ke5 47. Kxd3
Nc5+ 48. Kc4 Nd7 49. Bxh5 Kxf5 50. Bd1 Ke5 51. Bc2 Nf6 52. Bd3 Ne4 53. g4 Nf6
54. g5 Ne4 55. Bc2 Nxg5 0-1

[Event "13. Lichtenberger Sommer"]
[Site "?"]
[Date "2014.08.16"]
[Round "1.21"]
[White "Vogel, Robert"]
[Black "Lübke, Thomas"]
[Result "1/2-1/2"]
[WhiteElo "2262"]
[BlackElo "1936"]
[PlyCount "62"]
[EventDate "2014.??.??"]
[WhiteTeam "SG Pang-Rosenheim 1910 e.V."]
[BlackTeam "FVS ASP Hoyerswerda"]

1. d4 Nf6 2. c4 e6 3. g3 d5 4. Bg2 Be7 5. Nf3 O-O 6. O-O Nbd7 7. b3 c6 8. Bb2
b6 9. Nbd2 Bb7 10. Rc1 Rc8 11. e3 dxc4 12. Nxc4 Rc7 13. Qe2 c5 14. Rfd1 Qa8 15.
dxc5 Bxc5 16. Nd6 Bxd6 17. Rxd6 Rxc1+ 18. Bxc1 Rc8 19. Rd1 Nc5 20. Bb2 Nce4 21.
Ne1 h6 22. Qf3 Nc5 23. Qf4 Bxg2 24. Bxf6 Bh3 25. Bd4 Bf5 26. g4 Bg6 27. f3 f6
28. Bxc5 Rxc5 29. Qd6 Qc6 30. Qe7 Rd5 31. Rxd5 Qxd5 1/2-1/2

[Event "13. Lichtenberger Sommer"]
[Site "?"]
[Date "2014.08.16"]
[Round "1.22"]
[White "Kornath, Heinrich"]
[Black "Schneider, Christian"]
[Result "0-1"]
[WhiteElo "1848"]
[BlackElo "2211"]
[PlyCount "88"]
[EventDate "2014.??.??"]
[WhiteTeam "SG Eckturm"]
[BlackTeam "SG Blau-Weiß Stadtilm"]

1. e4 c6 2. c4 d5 3. exd5 cxd5 4. cxd5 Nf6 5. Qa4+ Nbd7 6. Nc3 g6 7. d4 Bg7 8.
Bc4 O-O 9. Nge2 a6 10. Qa3 Nb6 11. Bb3 Nbxd5 12. Bg5 Re8 13. O-O h6 14. Bxf6
Nxf6 15. Rad1 Rb8 16. Nf4 e6 17. Rfe1 Bf8 18. Qa4 b5 19. Nxb5 axb5 20. Qa7 Qb6
21. Qxb6 Rxb6 22. d5 exd5 23. Rxe8 Nxe8 24. Bxd5 g5 25. Ne2 Rd6 26. Nc3 Nc7 27.
Ne4 Ra6 28. a3 Nxd5 29. Rxd5 Bb7 30. Rd4 Bxe4 31. Rxe4 Rc6 32. h4 Rc1+ 33. Kh2
Rc2 34. hxg5 hxg5 35. b4 Bd6+ 36. Kh3 Rc3+ 37. Re3 Rxe3+ 38. fxe3 Kg7 39. Kg4
Kg6 40. Kf3 Kf5 41. e4+ Ke5 42. Ke3 g4 43. g3 Bc7 44. Kd3 Bb6 0-1

[Event "13. Lichtenberger Sommer"]
[Site "?"]
[Date "2014.08.16"]
[Round "1.23"]
[White "Sieglen, Joachim"]
[Black "Bandsom, Olaf"]
[Result "1-0"]
[WhiteElo "2261"]
[BlackElo "1812"]
[PlyCount "89"]
[EventDate "2014.??.??"]
[WhiteTeam "SC Untergrombach 46"]
[BlackTeam "SC Friesen Lichtenberg e.V."]

1. d4 Nf6 2. c4 g6 3. Nc3 d5 4. Nf3 Bg7 5. cxd5 Nxd5 6. e4 Nxc3 7. bxc3 c5 8.
Rb1 O-O 9. Be2 Qa5 10. Rb5 Qxc3+ 11. Bd2 Qa3 12. Rxc5 Nc6 13. Rc3 Qxa2 14. Bc4
Qa5 15. Rc1 Qd8 16. d5 Ne5 17. Nxe5 Bxe5 18. f4 Bg7 19. O-O e6 20. Kh1 exd5 21.
Bxd5 Re8 22. Be3 Be6 23. Bxb7 Rb8 24. Bc6 Re7 25. Bc5 Qxd1 26. Rfxd1 Bg4 27.
Bxe7 Bxd1 28. Rxd1 Bd4 29. g3 Bb6 30. Kg2 Rc8 31. Rc1 Bd8 32. Bxd8 Rxd8 33. Bd5
Rd7 34. Kf3 Kg7 35. Ra1 Rc7 36. Ra3 Kf6 37. e5+ Kg7 38. Rb3 a5 39. Rb7 Rxb7 40.
Bxb7 Kf8 41. Bc6 Ke7 42. Ke4 f6 43. Ba4 Ke6 44. Bb3+ Ke7 45. Kd5 1-0

[Event "13. Lichtenberger Sommer"]
[Site "?"]
[Date "2014.08.16"]
[Round "1.24"]
[White "Herrmann, Eberhard"]
[Black "Reichenbach, Werner"]
[Result "0-1"]
[WhiteElo "1852"]
[BlackElo "2258"]
[PlyCount "112"]
[EventDate "2014.??.??"]
[WhiteTeam "SC Friesen Lichtenberg e.V."]
[BlackTeam "SK Zehlendorf e.V."]

1. e4 g6 2. Nc3 Bg7 3. d3 c5 4. f4 d6 5. Nf3 Nc6 6. Be2 e6 7. O-O Nge7 8. Qe1
Rb8 9. Bd2 b5 10. Rb1 O-O 11. Nd1 f5 12. Bc3 fxe4 13. dxe4 Rxf4 14. Bxg7 Kxg7
15. Nc3 b4 16. Qd2 Rxf3 17. Rxf3 bxc3 18. Qxc3+ Nd4 19. Bd3 Nec6 20. Rbf1 Ne5
21. R3f2 Bd7 22. Qa3 Qb6 23. c3 Nb5 24. Qb3 Nc7 25. Qd1 c4 26. Bb1 Rf8 27. Qe2
Ne8 28. Kh1 Rxf2 29. Rxf2 Nf6 30. Qf1 Qd8 31. h3 Bc6 32. Qe2 Qa8 33. Qe3 Qb8
34. Qg5 Qd8 35. Rf1 h6 36. Qf4 g5 37. Qe3 Qb6 38. Qe2 Be8 39. Re1 Bg6 40. Kh2
Nfd7 41. Rd1 Kf8 42. Rd4 Nf6 43. b3 Ke7 44. Bc2 Be8 45. bxc4 Qc5 46. Bb3 a5 47.
Qc2 Qa3 48. Qd2 a4 49. Bd1 Qc5 50. Be2 Nc6 51. Rd3 Qe5+ 52. Kg1 Qc5+ 53. Kh2 a3
54. Re3 Bg6 55. Bd3 Ne5 56. Bf1 Qxe3 0-1

[Event "13. Lichtenberger Sommer"]
[Site "?"]
[Date "2014.08.16"]
[Round "1.25"]
[White "Plump, Detlef"]
[Black "Boeck, Rüdiger"]
[Result "1/2-1/2"]
[WhiteElo "2228"]
[BlackElo "1815"]
[PlyCount "129"]
[EventDate "2014.??.??"]
[BlackTeam "SC Weiße Dame Ulm e.V."]

1. e4 e5 2. Nf3 Nc6 3. d4 exd4 4. Nxd4 Bc5 5. Nb3 Bb6 6. Nc3 d6 7. Qe2 Be6 8.
Nd5 Nd4 9. Nxd4 Bxd4 10. c3 Bc5 11. Be3 Bxe3 12. Qxe3 Ne7 13. O-O-O O-O 14. Qg3
Nxd5 15. exd5 Bf5 16. h4 Qf6 17. Qf4 Qe5 18. Qxe5 dxe5 19. Bc4 Rad8 20. Rhe1
Rfe8 21. Bb3 Rd6 22. Re3 f6 23. f4 e4 24. Rde1 Bg6 25. g4 f5 26. gxf5 Bxf5 27.
Bc2 Rxd5 28. Bb3 c6 29. Bxd5+ cxd5 30. Rg3 Rc8 31. Kd2 Rc6 32. Rg5 g6 33. h5
Ra6 34. hxg6 hxg6 35. a3 Rb6 36. b4 Ra6 37. Ra1 Kf7 38. Rgg1 Kf6 39. Ke3 Rc6
40. Rac1 Rc4 41. Rgd1 Be6 42. Rd4 Rc7 43. c4 dxc4 44. Kxe4 Rh7 45. Rd8 Rh3 46.
Rf8+ Ke7 47. Rb8 Rxa3 48. Rxb7+ Kd6 49. Rd1+ Kc6 50. Rg7 Bf5+ 51. Kd4 c3 52.
Rc1 c2 53. Kc4 Kb6 54. Rh7 Rf3 55. Rh4 Re3 56. Ra1 Re7 57. Kc3 Rc7+ 58. Kb2 Kb5
59. Rh8 Kxb4 60. Rb8+ Kc5 61. Ra3 Kd4 62. Rb4+ Kd5 63. Kc1 Ke6 64. Ra6+ Kf7 65.
Rba4 1/2-1/2